| 000 | 00853cam a22002655a 4500 | ||
|---|---|---|---|
| 001 | 1105486 | ||
| 005 | 20151125114607.0 | ||
| 008 | 930216r19961993enka frb 001 0 eng d | ||
| 020 | _a0632025859 | ||
| 020 | _a9780632025855 | ||
| 040 |
_aDNLM/DLC _cDLC _dEG-ScBUE _beng |
||
| 082 | 0 | 4 |
_a616.96 _222 _bMOD |
| 245 | 0 | 0 |
_aModern parasitology : _ba textbook of parasitology / _cedited by F. E. G. Cox. |
| 250 | _a2nd ed., Reprint ed. | ||
| 260 |
_aOxford : _bBlackwell Science Ltd., _c1996. |
||
| 300 |
_axii, 276 p. : _bill. ; _c25 cm. |
||
| 500 | _aIndex : p. 265-276. | ||
| 500 | _aReprinted of the 1993 ed. | ||
| 504 | _aIncludes bibliographical references. | ||
| 650 | 7 |
_aMedical parasitology. _2BUEsh _936711 |
|
| 651 | _2BUEsh | ||
| 653 |
_bNNUR _cAugust2015 _cNovember2015 |
||
| 700 | 1 |
_aCox, Francis E. G. _eeditor. |
|
| 942 |
_2ddc _k616.96 MOD |
||
| 999 |
_c20751 _d20723 |
||